| Tag |
First Indicator |
Second Indicator |
Subfields |
| LEADER |
00000cam a2200000 a 4500 |
| 001 |
in00000001349 |
| 005 |
20151007050415.0 |
| 008 |
980902s1998 nmuab b f000 0 eng d |
| 035 |
|
|
|a (OCoLC)39794025
|
| 035 |
|
|
|9 AJB2810AM
|
| 040 |
|
|
|d GPO
|d DLC
|d MvI
|d UtOrBLW
|
| 043 |
|
|
|a n-us-nm
|
| 049 |
|
|
|a UDOC
|
| 050 |
|
4 |
|a GB701
|b .W375 no. 98-4083
|
| 074 |
|
|
|a 0624-B
|
| 086 |
0 |
|
|a I 19.42/4:98-4083
|
| 100 |
1 |
|
|a Gellis, Allen C.
|
| 245 |
1 |
0 |
|a Surface-water and suspended-sediment inflow and outflow for Nutria reservoir no. 3, Zuni Indian Reservation, New Mexico, March 1994 to September 1995 /
|c by Allen C. Gellis ; prepared in cooperation with the Pueblo of Zuni.
|
| 246 |
3 |
|
|a Surface water and suspended sediment inflow and outflow for Nutria reservoir no. 3, Zuni Indian Reservation, New Mexico, March 1994 to September 1995
|
| 246 |
3 |
0 |
|a Suspended-sediment inflow and outflow for Nutria reservoir no. 3
|
| 264 |
|
1 |
|a Albuquerque, N.M. :
|b U.S. Dept. of the Interior, U.S. Geological Survey, [Water Resources Division, New Mexico District] ;
|a Denver, CO :
|b Can be purchased from U.S.G.S. Branch of Information Services,
|c 1998.
|
| 300 |
|
|
|a iv, 22 pages :
|b illustrations, maps ;
|c 28 cm.
|
| 336 |
|
|
|a text
|b txt
|2 rdacontent
|
| 337 |
|
|
|a unmediated
|b n
|2 rdamedia
|
| 338 |
|
|
|a volume
|b nc
|2 rdacarrier
|
| 490 |
1 |
|
|a Water-resources investigations report ;
|v 98-4083
|
| 500 |
|
|
|a Shipping list number: 98-0355-P.
|
| 504 |
|
|
|a Includes bibliographical references (page 8).
|
| 650 |
|
0 |
|a Reservoir sedimentation
|z New Mexico
|z Zuni Indian Reservation.
|
| 650 |
|
0 |
|a Suspended sediments
|z New Mexico
|z Zuni Indian Reservation.
|
| 650 |
|
0 |
|a Drainage
|z New Mexico
|z Zuni Indian Reservation.
|
| 710 |
2 |
|
|a Zuni (N.M.)
|
| 710 |
2 |
|
|a Geological Survey (U.S.).
|b Water Resources Division.
|b New Mexico District.
|
| 830 |
|
0 |
|a Water-resources investigations report ;
|v 98-4083.
|
| 999 |
|
|
|a MARS
|
| 999 |
f |
f |
|s b66a04cf-55e0-3702-bfb9-2752a665c913
|i d87041db-67a6-3c54-807b-151a8595de1c
|t 0
|
| 952 |
f |
f |
|p normal
|a Texas A&M University
|b College Station
|c Sterling C. Evans Library
|d Evans: US Documents (Annex 5th floor)
|t 0
|e I 19.42/4:98-4083
|h Superintendent of Documents classification
|i unmediated -- volume
|m A14820685966
|
| 998 |
f |
f |
|a I 19.42/4:98-4083
|t 0
|l Evans: US Documents (Annex 5th floor)
|